Statistics for Countries with two syllables

Click here to take the quiz!

General Stats

  • This quiz has been taken 24 times
  • The average score is 30 of 41

Answer Stats

ContinentCountry% Correct
South AmericaChile
100%
AsiaChina
100%
EuropeNorway
100%
Asia/EuropeRussia
100%
EuropeSweden
100%
AsiaJapan
95%
South AmericaPeru
95%
South AmericaBrazil
90%
EuropeFinland
90%
AsiaIran
90%
AsiaIraq
90%
Central AmericaCuba
86%
AfricaEgypt
86%
AsiaOman
86%
EuropePoland
86%
AsiaYemen
86%
AfricaGhana
81%
EuropeIceland
76%
AsiaJordan
76%
AfricaNiger
76%
Central AmericaHaiti
71%
AsiaNepal
71%
AsiaQatar
71%
EuropeUkraine
71%
Central AmericaBelize
67%
AsiaIreland
67%
AsiaKuwait
67%
AfricaTogo
67%
OceniaTonga
67%
EuropeTurkey
67%
AsiaBenin
62%
Asia/EuropeCyprus
62%
AfricaMali
62%
EuropeMalta
62%
AsiaThailand
57%
EuropeBelgium
48%
AfricaKenya
48%
AfricaSudan
48%
Guinea
38%
AsiaMyanmar
29%
AsiaIsreal
5%

Score Distribution

Percentile by Number Answered

Percent of People with Each Score

Your Score History

You have not taken this quiz